[Event "Phillips & Drew Knights"]
[Site "London"]
[Date "1980.04.14"]
[Round "4"]
[White "Silva, Marco A"]
[Black "Van der Sterren, Paul"]
[Result "1-0"]
[WhiteElo "2290"]
[BlackElo "2410"]
[PlyCount "97"]
[EventDate "1980.04.11"]
[EventType "tourn"]
[EventRounds "15"]
[EventCountry "ENG"]
[EventCategory "5"]
[SourceTitle "Britbase"]

1. e4 e6 2. Nc3 d5 3. Nf3 Nf6 4. e5 Ne4 5. Ne2 Bc5 6. d4 Be7 7. Ng3 b6 8. Bd3
Bb7 9. c3 Qd7 10. Qe2 Nxg3 11. hxg3 h6 12. g4 Rg8 13. g5 hxg5 14. Nxg5 Bxg5 15.
Bxg5 c5 16. O-O-O Nc6 17. Bh7 Rf8 18. dxc5 bxc5 19. f4 Ne7 20. Qf2 f6 21. exf6
gxf6 22. Bh4 Qc6 23. Bc2 O-O-O 24. Rhe1 Rde8 25. Qe3 Kd7 26. g4 Qd6 27. Kb1 Rb8
28. Rd2 Nc6 29. Rde2 Rbe8 30. g5 Rh8 31. Qg3 fxg5 32. fxg5 Qxg3 33. Bxg3 e5 34.
Ba4 Kd6 35. Bxc6 Kxc6 36. Bxe5 Rhg8 37. Bf6 Rxe2 38. Rxe2 Bc8 39. Re7 Bf5+ 40.
Kc1 a6 41. Kd2 Rb8 42. b3 a5 43. Be5 Rb7 44. Re8 a4 45. g6 axb3 46. axb3 Bxg6
47. Re6+ Kd7 48. Rxg6 Rxb3 49. Rd6+ 1-0

[Event "Phillips & Drew Knights"]
[Site "London"]
[Date "1980.04.14"]
[Round "4"]
[White "Crouch, Colin S"]
[Black "Kaiszauri, Konstanty"]
[Result "0-1"]
[WhiteElo "2330"]
[BlackElo "2365"]
[PlyCount "106"]
[EventDate "1980.04.11"]
[EventType "tourn"]
[EventRounds "15"]
[EventCountry "ENG"]
[EventCategory "5"]
[SourceTitle "Britbase"]

1. e4 e5 2. Nf3 Nc6 3. Bb5 a6 4. Bxc6 dxc6 5. O-O Bd6 6. d4 exd4 7. Qxd4 f6 8.
Nbd2 Be6 9. Nb3 b6 10. e5 fxe5 11. Nxe5 Ne7 12. Bg5 O-O 13. Rfe1 Qe8 14. Nc4
Nf5 15. Nxd6 Nxd4 16. Nxe8 Bxb3 17. Nxc7 Ra7 18. cxb3 Nc2 19. Rec1 Nxa1 20. Ne6
Re8 21. Nd4 Rd7 22. Nf3 Nc2 23. h3 Nb4 24. a3 Nd5 25. Rxc6 Re2 26. Bd2 h6 27.
b4 Kh7 28. a4 Ne7 29. Rxb6 Rdxd2 30. Nxd2 Rxd2 31. Rxa6 Rxb2 32. b5 Nd5 33. g3
Rb4 34. f4 Nc3 35. Kg2 Nxa4 36. Kf3 Nc3 37. g4 Nxb5 38. h4 Nd4+ 39. Ke3 h5 40.
gxh5 Nf5+ 41. Kf3 Rb3+ 42. Ke4 Ng3+ 43. Ke5 Re3+ 44. Kd5 Nxh5 45. f5 Nf6+ 46.
Kd6 Re4 47. Ra1 Rxh4 48. Rg1 Re4 49. Rh1+ Kg8 50. Ra1 Re3 51. Ra2 Ne4+ 52. Kd7
Ng3 53. Rf2 Kf7 0-1

[Event "Phillips & Drew Knights"]
[Site "London"]
[Date "1980.04.14"]
[Round "4"]
[White "Friedgood, David"]
[Black "Wicker, Kevin J"]
[Result "0-1"]
[WhiteElo "2335"]
[BlackElo "2340"]
[PlyCount "68"]
[EventDate "1980.04.11"]
[EventType "tourn"]
[EventRounds "15"]
[EventCountry "ENG"]
[EventCategory "5"]
[SourceTitle "Britbase"]

1. c4 f5 2. Nc3 Nf6 3. g3 e5 4. Bg2 Bb4 5. Qc2 Bxc3 6. Qxc3 d6 7. d3 O-O 8. Nf3
c5 9. O-O Nc6 10. Bg5 h6 11. Bxf6 Qxf6 12. Nd2 Bd7 13. e3 Rae8 14. a3 a5 15.
Rae1 g5 16. f4 Re7 17. fxg5 hxg5 18. Rf2 g4 19. Bd5+ Kg7 20. Ref1 Qh6 21. Bxc6
Bxc6 22. Re1 Rh8 23. Ree2 Kg6 24. d4 Bf3 25. Nxf3 gxf3 26. Rxf3 exd4 27. Qd3
Re4 28. exd4 cxd4 29. Rxe4 Qxh2+ 30. Kf1 Qh1+ 31. Ke2 Rh2+ 32. Rf2 Qxe4+ 33.
Qxe4 Rxf2+ 34. Kxf2 fxe4 0-1

[Event "Phillips & Drew Knights"]
[Site "London"]
[Date "1980.04.14"]
[Round "4"]
[White "Blackstock, Leslie Steven F"]
[Black "Large, Peter G"]
[Result "1/2-1/2"]
[WhiteElo "2345"]
[BlackElo "2310"]
[PlyCount "82"]
[EventDate "1980.04.11"]
[EventType "tourn"]
[EventRounds "15"]
[EventCountry "ENG"]
[EventCategory "5"]
[SourceTitle "Britbase"]

1. c4 Nf6 2. Nc3 e6 3. Nf3 b6 4. d4 Bb7 5. a3 d5 6. cxd5 exd5 7. Bg5 Be7 8.
Bxf6 Bxf6 9. g3 O-O 10. Bg2 c6 11. O-O Qd6 12. e4 Be7 13. exd5 cxd5 14. Ne5 Na6
15. Nb5 Qd8 16. Rc1 Bf6 17. f4 g6 18. Qb3 Re8 19. Nc6 Bxc6 20. Rxc6 Re6 21. Rc2
Re7 22. Bxd5 Rc8 23. Rxc8 Qxc8 24. Qc4 Qd8 25. Rd1 Nc7 26. Nxc7 Rxc7 27. Bc6
Qd6 28. d5 Bxb2 29. a4 Ba3 30. Re1 Bc5+ 31. Kg2 Qf6 32. Re8+ Kg7 33. Qe2 Bd4
34. Qe4 h5 35. Qe2 h4 36. Re4 Rc8 37. g4 Bc5 38. g5 h3+ 39. Kxh3 Qa1 40. Re8
Rxe8 41. Bxe8 Qc3+ 1/2-1/2

[Event "Phillips & Drew Knights"]
[Site "London"]
[Date "1980.04.14"]
[Round "4"]
[White "Botterill, George S"]
[Black "Povah, Nigel"]
[Result "1-0"]
[WhiteElo "2420"]
[BlackElo "2385"]
[PlyCount "81"]
[EventDate "1980.04.11"]
[EventType "tourn"]
[EventRounds "15"]
[EventCountry "ENG"]
[EventCategory "5"]
[SourceTitle "Britbase"]

1. d4 d5 2. c4 e5 3. dxe5 d4 4. Nf3 Nc6 5. g3 Bf5 6. a3 a5 7. Bg2 Bc5 8. O-O
Qd7 9. b4 axb4 10. Bb2 bxa3 11. Nxa3 Nge7 12. Nb5 Rd8 13. Qa4 O-O 14. Rfd1 Be4
15. Nbxd4 Nxd4 16. Qxd7 Rxd7 17. Nxd4 Bxg2 18. Nb3 Rxd1+ 19. Rxd1 Bh3 20. Nxc5
h6 21. Nxb7 Rb8 22. Rd8+ Rxd8 23. Nxd8 Bc8 24. e4 Kf8 25. Ba3 Ke8 26. Bxe7 Kxe7
27. Nc6+ Ke6 28. f4 Kd7 29. Na5 Ba6 30. Kf2 c5 31. Ke3 Kc7 32. Nb3 Kc6 33. Nd2
Bc8 34. f5 Kd7 35. Kf4 Bb7 36. Nb3 Kc6 37. e6 fxe6 38. fxe6 Kd6 39. e5+ Ke7 40.
Nxc5 Bc8 41. Kf5 1-0

[Event "Phillips & Drew Knights"]
[Site "London"]
[Date "1980.04.14"]
[Round "4"]
[White "Flear, Glenn C"]
[Black "Plaskett, H James"]
[Result "0-1"]
[WhiteElo "2320"]
[BlackElo "2405"]
[PlyCount "50"]
[EventDate "1980.04.11"]
[EventType "tourn"]
[EventRounds "15"]
[EventCountry "ENG"]
[EventCategory "5"]
[SourceTitle "Britbase"]

1. d4 Nf6 2. c4 e6 3. Nc3 Bb4 4. e3 c5 5. Bd3 Nc6 6. Nf3 Bxc3+ 7. bxc3 d6 8.
O-O e5 9. Ng5 O-O 10. f4 exd4 11. cxd4 cxd4 12. exd4 d5 13. Ba3 Re8 14. Rc1 h6
15. cxd5 Bg4 16. Qc2 Qxd5 17. Bc4 Qxd4+ 18. Kh1 hxg5 19. fxg5 Ne5 20. Qb3 Nxc4
21. Rxc4 Qb6 22. Qg3 Ne4 23. Qf4 Qg6 24. Rc7 Be6 25. h4 Rac8 0-1

[Event "Phillips & Drew Knights"]
[Site "London"]
[Date "1980.04.15"]
[Round "5"]
[White "Povah, Nigel"]
[Black "Flear, Glenn C"]
[Result "0-1"]
[WhiteElo "2385"]
[BlackElo "2320"]
[PlyCount "74"]
[EventDate "1980.04.11"]
[EventType "tourn"]
[EventRounds "15"]
[EventCountry "ENG"]
[EventCategory "5"]
[SourceTitle "Britbase"]

1. e4 e5 2. Nf3 Nc6 3. Bb5 a6 4. Ba4 Nf6 5. O-O Be7 6. d4 exd4 7. Re1 O-O 8. e5
Ne8 9. c3 dxc3 10. Nxc3 d6 11. exd6 Bxd6 12. Bc2 Bg4 13. Qd3 g6 14. Bg5 Nb4 15.
Qc4 Qd7 16. Bd1 Bxf3 17. gxf3 Nd3 18. Re3 Nxb2 19. Qh4 Nxd1 20. Rxd1 f6 21. Bh6
Ng7 22. Nd5 Qf7 23. Bxg7 Kxg7 24. f4 Rae8 25. Rh3 h5 26. Qg3 Kh6 27. Kh1 Re2
28. Qf3 Rfe8 29. Ne3 Rxa2 30. Rg1 Ra5 31. f5 g5 32. Ng4+ Kg7 33. Nxf6 Kxf6 34.
Qc3+ Ree5 35. Rxg5 Qd5+ 36. Rg2 Ra3 37. Qxe5+ Qxe5 0-1

[Event "Phillips & Drew Knights"]
[Site "London"]
[Date "1980.04.15"]
[Round "5"]
[White "Large, Peter G"]
[Black "Botterill, George S"]
[Result "0-1"]
[WhiteElo "2310"]
[BlackElo "2420"]
[PlyCount "84"]
[EventDate "1980.04.11"]
[EventType "tourn"]
[EventRounds "15"]
[EventCountry "ENG"]
[EventCategory "5"]
[SourceTitle "Britbase"]

1. e4 d6 2. d4 g6 3. Nf3 Bg7 4. c3 Nf6 5. Nbd2 O-O 6. Be2 b6 7. O-O e6 8. Re1
Bb7 9. Bf1 Nbd7 10. a4 a6 11. b4 c5 12. Ba3 Qc7 13. Bd3 Rfd8 14. Qe2 h6 15. Ra2
c4 16. Bb1 b5 17. a5 e5 18. d5 Rf8 19. Nf1 Nh5 20. g3 Rae8 21. Nh4 Qd8 22. Bc1
Nf4 23. gxf4 Qxh4 24. f5 Nf6 25. Ng3 Bc8 26. f3 gxf5 27. exf5 Nxd5 28. Qd2 Nf4
29. Qxd6 Rd8 30. Qc6 Bf6 31. Kh1 Kh8 32. Rg1 Rg8 33. Rd2 Nh3 34. Rgg2 Bg5 35.
Rxd8 Rxd8 36. Bd2 Bxd2 37. Rxd2 Rxd2 38. Qe8+ Kg7 39. f6+ Kxf6 40. Ne4+ Qxe4
41. fxe4 Bg4 42. Qh8+ Ke7 0-1

[Event "Phillips & Drew Knights"]
[Site "London"]
[Date "1980.04.15"]
[Round "5"]
[White "Wicker, Kevin J"]
[Black "Blackstock, Leslie Steven F"]
[Result "1-0"]
[WhiteElo "2340"]
[BlackElo "2345"]
[PlyCount "115"]
[EventDate "1980.04.11"]
[EventType "tourn"]
[EventRounds "15"]
[EventCountry "ENG"]
[EventCategory "5"]
[SourceTitle "Britbase"]

1. b4 d5 2. e3 e5 3. a3 Nf6 4. Bb2 Bd6 5. c4 c6 6. Nf3 Qe7 7. cxd5 cxd5 8. Nc3
Nc6 9. d4 e4 10. Nd2 O-O 11. Nb3 Bf5 12. Be2 Rac8 13. Nc5 Rfd8 14. h3 Bb8 15.
Qa4 Rf8 16. Qb3 Be6 17. O-O-O Rfd8 18. Kb1 Ne8 19. f4 exf3 20. gxf3 b6 21. Nxe6
Qxe6 22. e4 Ne7 23. Ba6 Rc7 24. Ka2 Nd6 25. exd5 Qd7 26. Ne4 Nef5 27. Rhg1 Kh8
28. Rc1 Rxc1 29. Rxc1 Re8 30. Qd3 Qe7 31. Re1 Qd8 32. Bb5 Re7 33. Bc6 h6 34. b5
Nh4 35. Bc3 Ndf5 36. Bb4 Nd6 37. Bxd6 Bxd6 38. Nxd6 Qxd6 39. Rxe7 Qxe7 40. Qe4
Qd8 41. d6 Qxd6 42. Qxh4 Qe6+ 43. Kb2 Qe2+ 44. Kc3 Qe3+ 45. Kc4 Qe2+ 46. Kc3
Qe3+ 47. Kc2 Qe2+ 48. Kc1 Qe3+ 49. Kd1 f5 50. Bd7 Qd3+ 51. Ke1 Qe3+ 52. Kf1
Qxf3+ 53. Kg1 Qd1+ 54. Kg2 Qe2+ 55. Qf2 Qe4+ 56. Kh2 f4 57. Bc6 Qf5 58. Qe2 1-0

[Event "Phillips & Drew Knights"]
[Site "London"]
[Date "1980.04.15"]
[Round "5"]
[White "Kaiszauri, Konstanty"]
[Black "Friedgood, David"]
[Result "0-1"]
[WhiteElo "2365"]
[BlackElo "2335"]
[PlyCount "38"]
[EventDate "1980.04.11"]
[EventType "tourn"]
[EventRounds "15"]
[EventCountry "ENG"]
[EventCategory "5"]
[SourceTitle "Britbase"]

1. c4 e5 2. Nc3 Nc6 3. g3 g6 4. Bg2 Bg7 5. Rb1 d6 6. b4 Bf5 7. d3 Qd7 8. e4 Bg4
9. f3 Be6 10. Nge2 f5 11. O-O Nf6 12. b5 Nd8 13. f4 O-O 14. Nd5 c6 15. exf5
Bxf5 16. fxe5 dxe5 17. bxc6 bxc6 18. Nxf6+ Rxf6 19. Nc3 Qd4+ 0-1

[Event "Phillips & Drew Knights"]
[Site "London"]
[Date "1980.04.15"]
[Round "5"]
[White "Van der Sterren, Paul"]
[Black "Crouch, Colin S"]
[Result "1-0"]
[WhiteElo "2410"]
[BlackElo "2330"]
[PlyCount "59"]
[EventDate "1980.04.11"]
[EventType "tourn"]
[EventRounds "15"]
[EventCountry "ENG"]
[EventCategory "5"]
[SourceTitle "Britbase"]

1. e4 e5 2. Nf3 Nc6 3. Bb5 a6 4. Ba4 d6 5. c3 f5 6. exf5 Bxf5 7. O-O Bd3 8. Re1
Be7 9. Bc2 Bxc2 10. Qxc2 Nf6 11. d4 e4 12. Ng5 d5 13. Nd2 Qd7 14. f3 h6 15. Nh3
O-O-O 16. fxe4 dxe4 17. Nxe4 Nd5 18. Nf4 Nxf4 19. Bxf4 g5 20. Be3 h5 21. Rad1
h4 22. d5 Ne5 23. Bd4 Ng6 24. Bxh8 Rxh8 25. d6 cxd6 26. Nxd6+ Bxd6 27. Qxg6 Rd8
28. h3 Bc5+ 29. Kh2 Qc7+ 30. Kh1 1-0

[Event "Phillips & Drew Knights"]
[Site "London"]
[Date "1980.04.15"]
[Round "5"]
[White "King, Daniel J"]
[Black "Silva, Marco A"]
[Result "1-0"]
[WhiteElo "2330"]
[BlackElo "2290"]
[PlyCount "65"]
[EventDate "1980.04.11"]
[EventType "tourn"]
[EventRounds "15"]
[EventCountry "ENG"]
[EventCategory "5"]
[SourceTitle "Britbase"]

1. e4 e5 2. Nf3 Nc6 3. Bb5 a6 4. Ba4 Nge7 5. O-O g6 6. c3 Bg7 7. d4 b5 8. Bb3
d6 9. a4 bxa4 10. Bxa4 O-O 11. dxe5 Nxe5 12. Nxe5 dxe5 13. Be3 Qd6 14. b4 Bb7
15. Bc5 Qe6 16. Nd2 Rfd8 17. Qe2 Nc8 18. Bb3 Qe8 19. Nc4 Rb8 20. Na5 Nd6 21.
Nxb7 Nxb7 22. Ba7 Ra8 23. Qxa6 Nd6 24. Bd5 Rac8 25. Qc6 Rd7 26. c4 Rcd8 27. Qa4
Qf8 28. Bc5 Kh8 29. b5 Re7 30. Qb4 f5 31. b6 fxe4 32. b7 Qf6 33. b8=Q 1-0

[Event "Phillips & Drew Knights"]
[Site "London"]
[Date "1980.04.15"]
[Round "5"]
[White "Britton, Richard"]
[Black "Goodman, David SC"]
[Result "0-1"]
[WhiteElo "2330"]
[BlackElo "2375"]
[PlyCount "90"]
[EventDate "1980.04.11"]
[EventType "tourn"]
[EventRounds "15"]
[EventCountry "ENG"]
[EventCategory "5"]
[SourceTitle "Britbase"]

1. e4 g6 2. d4 d6 3. Nc3 Bg7 4. Nf3 Nf6 5. Be2 O-O 6. O-O a6 7. a4 b6 8. e5
Nfd7 9. e6 fxe6 10. Ng5 Nf6 11. Bf3 d5 12. Re1 Qd6 13. Qe2 Nc6 14. Nxe6 Bxe6
15. Qxe6+ Qxe6 16. Rxe6 Nxd4 17. Rxe7 Nxf3+ 18. gxf3 Rae8 19. Rxe8 Rxe8 20. Bf4
c6 21. Kf1 Nd7 22. Na2 Bxb2 23. Rd1 Nc5 24. Nb4 Re6 25. Be3 a5 26. Bxc5 bxc5
27. Nd3 Bd4 28. Rb1 c4 29. Nf4 Rf6 30. Rb8+ Kg7 31. Ne2 Be5 32. Ra8 Bc7 33. Ra7
Rf7 34. Ra6 Bxh2 35. Rxa5 Be5 36. Ra6 Rc7 37. f4 Bf6 38. Ke1 d4 39. Kd2 h5 40.
Ng1 c5 41. a5 c3+ 42. Kd1 c4 43. Rb6 Rc5 44. a6 d3 45. Rd6 d2 0-1

[Event "Phillips & Drew Knights"]
[Site "London"]
[Date "1980.04.16"]
[Round "6"]
[White "Silva, Marco A"]
[Black "Britton, Richard"]
[Result "1-0"]
[WhiteElo "2290"]
[BlackElo "2330"]
[PlyCount "80"]
[EventDate "1980.04.11"]
[EventType "tourn"]
[EventRounds "15"]
[EventCountry "ENG"]
[EventCategory "5"]
[SourceTitle "Britbase"]

1. e4 c5 2. Nf3 d6 3. d4 cxd4 4. Nxd4 Nf6 5. Nc3 a6 6. h3 g6 7. f4 Nbd7 8. g4
e5 9. Nb3 b5 10. a3 Bb7 11. Bg2 Rc8 12. O-O Be7 13. Qe2 O-O 14. f5 Rxc3 15.
bxc3 Qa8 16. Bh6 Rc8 17. fxg6 hxg6 18. Rae1 Rxc3 19. Qf2 Bd8 20. Qd2 Qc8 21.
Re2 Qc6 22. Bg5 a5 23. Rf3 b4 24. axb4 axb4 25. Rd3 Bc7 26. Rxc3 bxc3 27. Qc1
Qc4 28. Qf1 Ba6 29. Re1 Bb6+ 30. Be3 Qc8 31. Qf3 Bxe3+ 32. Rxe3 Bb7 33. Rxc3
Qa8 34. Rc4 Kg7 35. g5 Nh5 36. Rc7 Bc6 37. Qd3 Nf4 38. Qxd6 Nxg2 39. Rxc6 Qd8
40. Kxg2 Qxg5+ 1-0

[Event "Phillips & Drew Knights"]
[Site "London"]
[Date "1980.04.16"]
[Round "6"]
[White "Crouch, Colin S"]
[Black "King, Daniel J"]
[Result "1/2-1/2"]
[WhiteElo "2330"]
[BlackElo "2330"]
[PlyCount "46"]
[EventDate "1980.04.11"]
[EventType "tourn"]
[EventRounds "15"]
[EventCountry "ENG"]
[EventCategory "5"]
[SourceTitle "Britbase"]

1. e4 c5 2. c3 Nf6 3. e5 Nd5 4. d4 Nc6 5. Nf3 cxd4 6. cxd4 d6 7. Be3 Nb6 8. Bb5
dxe5 9. Nxe5 Bd7 10. Bxc6 Bxc6 11. Nxc6 bxc6 12. O-O e6 13. Qg4 Nd5 14. Nc3 Nf6
15. Qf3 Rc8 16. Rfd1 Be7 17. Bf4 O-O 18. Be5 Qa5 19. Qg3 Rfd8 20. a3 Qb6 21. b4
a5 22. Rab1 axb4 23. axb4 Nh5 1/2-1/2

[Event "Phillips & Drew Knights"]
[Site "London"]
[Date "1980.04.16"]
[Round "6"]
[White "Friedgood, David"]
[Black "Van der Sterren, Paul"]
[Result "0-1"]
[WhiteElo "2335"]
[BlackElo "2410"]
[PlyCount "106"]
[EventDate "1980.04.11"]
[EventType "tourn"]
[EventRounds "15"]
[EventCountry "ENG"]
[EventCategory "5"]
[SourceTitle "Britbase"]

1. c4 e5 2. Nc3 Nc6 3. g3 g6 4. Bg2 Bg7 5. e4 d6 6. Nge2 f5 7. d3 Nh6 8. O-O
O-O 9. exf5 Bxf5 10. h3 Qd7 11. Kh2 Rf7 12. Ne4 Qe7 13. N2c3 Nd8 14. Ng5 Rf8
15. g4 Bc8 16. Nd5 Qd7 17. Ne4 Kh8 18. Be3 Ne6 19. Qd2 Nf4 20. f3 c6 21. Ndc3
d5 22. Nc5 Qd6 23. cxd5 cxd5 24. Nb5 Qb8 25. Kh1 b6 26. Nb3 Bd7 27. Bxf4 Rxf4
28. Nc3 Qd6 29. d4 exd4 30. Ne2 Rff8 31. Nexd4 Ng8 32. Rad1 Rae8 33. Rfe1 Nf6
34. Rxe8 Rxe8 35. Re1 Qg3 36. Rxe8+ Nxe8 37. f4 Nf6 38. Ne2 Qf2 39. Ng1 Ne4 40.
Bxe4 Qxd2 41. Nxd2 dxe4 42. Nc4 b5 43. Ne5 Be6 44. g5 Bxa2 45. Ne2 b4 46. Kg2
a5 47. Kf2 a4 48. Nd4 a3 49. bxa3 b3 50. Nxb3 Bxb3 51. Ke3 Bxe5 52. fxe5 Bd5
53. Kd4 Kg7 0-1

[Event "Phillips & Drew Knights"]
[Site "London"]
[Date "1980.04.16"]
[Round "6"]
[White "Blackstock, Leslie Steven F"]
[Black "Kaiszauri, Konstanty"]
[Result "1-0"]
[WhiteElo "2345"]
[BlackElo "2365"]
[PlyCount "82"]
[EventDate "1980.04.11"]
[EventType "tourn"]
[EventRounds "15"]
[EventCountry "ENG"]
[EventCategory "5"]
[SourceTitle "Britbase"]

1. c4 e5 2. Nc3 Nf6 3. Nf3 Nc6 4. e3 Bb4 5. Qc2 Bxc3 6. Qxc3 Qe7 7. a3 O-O 8.
b4 d5 9. cxd5 Nxd5 10. Qb2 e4 11. Nd4 Ne5 12. Qc2 Nd3+ 13. Bxd3 exd3 14. Qd1 a5
15. Qf3 Rd8 16. b5 Nf6 17. O-O Rd5 18. Bb2 Bg4 19. Qf4 Rad8 20. Rac1 R8d6 21.
f3 Bc8 22. e4 Rxd4 23. Bxd4 Rxd4 24. Qxc7 Qxc7 25. Rxc7 Be6 26. Rxb7 Kf8 27.
Ra7 Ra4 28. b6 Rxa3 29. b7 Nd7 30. Rb1 Bb3 31. Kf2 a4 32. Ke3 g5 33. Ra8+ Ke7
34. b8=Q Nxb8 35. Rxb8 Bc2 36. R1b7+ Kf6 37. Rf8 Bb3 38. Ra8 Ra1 39. Kxd3 Rh1
40. Rb6+ Kg7 41. Ra5 h6 1-0

[Event "Phillips & Drew Knights"]
[Site "London"]
[Date "1980.04.16"]
[Round "6"]
[White "Botterill, George S"]
[Black "Wicker, Kevin J"]
[Result "1-0"]
[WhiteElo "2420"]
[BlackElo "2340"]
[PlyCount "67"]
[EventDate "1980.04.11"]
[EventType "tourn"]
[EventRounds "15"]
[EventCountry "ENG"]
[EventCategory "5"]
[SourceTitle "Britbase"]

1. d4 e6 2. c4 Bb4+ 3. Nc3 b6 4. Qb3 Qe7 5. a3 Bxc3+ 6. Qxc3 d6 7. Nf3 Nd7 8.
g3 Bb7 9. Bg2 Ngf6 10. O-O O-O 11. b4 Ne4 12. Qc2 f5 13. Bb2 c5 14. dxc5 bxc5
15. Rfd1 Rac8 16. Nd2 d5 17. cxd5 cxb4 18. Qb1 Nxf2 19. Kxf2 Qc5+ 20. Kf1 f4
21. Nf3 fxg3 22. hxg3 Bxd5 23. axb4 Qc7 24. Rxd5 exd5 25. Qd3 Nb6 26. Kg1 Qxg3
27. Rxa7 Rf6 28. Qd4 Rg6 29. Qf2 Qb8 30. Re7 Qd6 31. Rb7 Nc4 32. Nh4 Rf8 33.
Nxg6 Rxf2 34. Rxg7# 1-0

[Event "Phillips & Drew Knights"]
[Site "London"]
[Date "1980.04.16"]
[Round "6"]
[White "Flear, Glenn C"]
[Black "Large, Peter G"]
[Result "1-0"]
[WhiteElo "2320"]
[BlackElo "2310"]
[PlyCount "58"]
[EventDate "1980.04.11"]
[EventType "tourn"]
[EventRounds "15"]
[EventCountry "ENG"]
[EventCategory "5"]
[SourceTitle "Britbase"]

1. d4 Nf6 2. c4 e6 3. Nc3 d5 4. cxd5 exd5 5. Bg5 c6 6. e3 Qb6 7. Bxf6 Qxb2 8.
Qc1 Ba3 9. Nxd5 Qxc1+ 10. Rxc1 gxf6 11. Rc4 b5 12. Rc2 Bf5 13. e4 cxd5 14. exf5
Nd7 15. Bxb5 Rb8 16. Rc7 Rxb5 17. Rc8+ Ke7 18. Rxh8 Rb1+ 19. Ke2 Nf8 20. h4 Bd6
21. g3 a5 22. Kf3 a4 23. Kg2 Rb2 24. Nh3 Rd2 25. Re1+ Kd7 26. Nf4 Rxd4 27. Nh5
Kc6 28. Nxf6 Rd2 29. Re8 d4 1-0

[Event "Phillips & Drew Knights"]
[Site "London"]
[Date "1980.04.16"]
[Round "6"]
[White "Plaskett, H James"]
[Black "Povah, Nigel"]
[Result "1/2-1/2"]
[WhiteElo "2405"]
[BlackElo "2385"]
[PlyCount "71"]
[EventDate "1980.04.11"]
[EventType "tourn"]
[EventRounds "15"]
[EventCountry "ENG"]
[EventCategory "5"]
[SourceTitle "Britbase"]

1. c4 Nf6 2. Nc3 e5 3. e3 Bb4 4. Nge2 O-O 5. Qb3 Nc6 6. g3 Bxc3 7. Nxc3 b6 8.
Bg2 Bb7 9. e4 Na5 10. Qa4 Bc6 11. Qc2 Nxc4 12. O-O Bb7 13. f4 d6 14. b4 c5 15.
Ne2 b5 16. d3 Nb6 17. fxe5 dxe5 18. bxc5 Nbd7 19. Rb1 Rc8 20. Ba3 Nxc5 21. Rxb5
Nxd3 22. Qb3 Ba6 23. Bxf8 Bxb5 24. Qxb5 Kxf8 25. Rd1 Rc3 26. h3 Ra3 27. Nc1
Qd4+ 28. Kh2 Qb4 29. Qc6 Nxc1 30. Rd8+ Ke7 31. Qc7+ Ke6 32. Qc6+ Ke7 33. Qc7+
Ke6 34. Qxc1 Rxa2 35. Qc6+ Ke7 36. Qc7+ 1/2-1/2

[Event "Phillips & Drew Knights"]
[Site "London"]
[Date "1980.04.17"]
[Round "7"]
[White "Large, Peter G"]
[Black "Plaskett, H James"]
[Result "1-0"]
[WhiteElo "2310"]
[BlackElo "2405"]
[PlyCount "125"]
[EventDate "1980.04.11"]
[EventType "tourn"]
[EventRounds "15"]
[EventCountry "ENG"]
[EventCategory "5"]
[SourceTitle "Britbase"]

1. e4 c5 2. Nf3 d6 3. d4 cxd4 4. Nxd4 Nf6 5. Nc3 e6 6. Be2 a6 7. O-O Be7 8. f4
O-O 9. Kh1 Nc6 10. Be3 Bd7 11. Qe1 b5 12. a3 Qb8 13. Bf3 Nxd4 14. Bxd4 e5 15.
Be3 Bc6 16. Qg3 Re8 17. fxe5 dxe5 18. Bh6 g6 19. Rad1 Qc7 20. Bg5 Kg7 21. Rd2
Rad8 22. Rdf2 Ng8 23. Be3 f6 24. h4 Kh8 25. h5 gxh5 26. Bxh5 Rf8 27. Qh2 b4 28.
Bg6 Bd6 29. axb4 Bxb4 30. Na2 Bd6 31. Bf5 Rf7 32. Nc3 Rg7 33. Rf3 Bb4 34. Rh3
Bxc3 35. Bb6 Qf7 36. Bxd8 Bxb2 37. Rff3 Bd7 38. Bxd7 Qxd7 39. Bxf6 Nxf6 40.
Rxf6 Qd1+ 41. Qg1 Rd7 42. Qxd1 Rxd1+ 43. Kh2 Bc1 44. Rxa6 Bf4+ 45. g3 Rd2+ 46.
Kh1 Be3 47. Rc6 Kg7 48. Rh5 Bd4 49. Rg5+ Kf7 50. Rf5+ Kg7 51. Rf1 Bf2 52. Rc1
Rd7 53. Kg2 Be3 54. Kf3 Bg5 55. Kg4 Bf6 56. Rb1 Kf7 57. Kf5 Bd8 58. Kxe5 Bc7+
59. Kf5 Bxg3 60. e5 Ra7 61. Rcb6 Ra4 62. Rb7+ Kg8 63. R1b4 1-0

[Event "Phillips & Drew Knights"]
[Site "London"]
[Date "1980.04.17"]
[Round "7"]
[White "Wicker, Kevin J"]
[Black "Flear, Glenn C"]
[Result "0-1"]
[WhiteElo "2340"]
[BlackElo "2320"]
[PlyCount "82"]
[EventDate "1980.04.11"]
[EventType "tourn"]
[EventRounds "15"]
[EventCountry "ENG"]
[EventCategory "5"]
[SourceTitle "Britbase"]

1. c4 e6 2. e3 b6 3. Nh3 Bb7 4. f3 Nf6 5. Na3 Be7 6. Nc2 c5 7. Rb1 Nc6 8. Nf2
O-O 9. a3 a5 10. b3 d5 11. Be2 Rc8 12. O-O Rc7 13. Qe1 Rd7 14. d3 Qc7 15. Bb2
Rfd8 16. Bc3 Ne5 17. e4 Ng6 18. cxd5 exd5 19. g3 h5 20. Rc1 h4 21. Kg2 Qc6 22.
b4 axb4 23. axb4 d4 24. Bd2 c4 25. Ra1 c3 26. Bc1 Ra8 27. Rxa8+ Bxa8 28. f4 Qa4
29. Bd1 Bxb4 30. Qe2 Bf8 31. Kg1 Qc6 32. g4 b5 33. g5 Nh7 34. Ng4 Qc5 35. f5
Ne5 36. Nxe5 Qxe5 37. Qf2 Bxe4 38. Re1 Nxg5 39. Bxg5 Qxf5 40. Rxe4 Qxg5+ 41.
Rg4 Qc1 0-1

[Event "Phillips & Drew Knights"]
[Site "London"]
[Date "1980.04.17"]
[Round "7"]
[White "Kaiszauri, Konstanty"]
[Black "Botterill, George S"]
[Result "1-0"]
[WhiteElo "2365"]
[BlackElo "2420"]
[PlyCount "79"]
[EventDate "1980.04.11"]
[EventType "tourn"]
[EventRounds "15"]
[EventCountry "ENG"]
[EventCategory "5"]
[SourceTitle "Britbase"]

1. c4 Nf6 2. Nc3 e6 3. e4 c5 4. e5 Ng8 5. Nf3 Nc6 6. d4 cxd4 7. Nxd4 Nxe5 8.
Ndb5 a6 9. Nd6+ Bxd6 10. Qxd6 f6 11. Be3 Ne7 12. Bb6 Nf5 13. Bxd8 Nxd6 14. Bc7
Ke7 15. c5 Ne8 16. Bb6 d5 17. cxd6+ Nxd6 18. Bc5 b6 19. Bxb6 Nf5 20. O-O-O Bb7
21. Bc5+ Ke8 22. f3 Rc8 23. Ba3 g5 24. Kb1 Kf7 25. Ne4 Rhd8 26. Be2 Nd4 27.
Nd6+ Rxd6 28. Bxd6 Nxe2 29. Bxe5 Bd5 30. Rhe1 g4 31. fxg4 Be4+ 32. Ka1 Bxg2 33.
Bxf6 Rc2 34. Bg5 e5 35. Rd6 a5 36. h4 a4 37. Ra6 Nd4 38. Rxe5 Rf2 39. Ra7+ Kf8
40. Bh6+ 1-0

[Event "Phillips & Drew Knights"]
[Site "London"]
[Date "1980.04.17"]
[Round "7"]
[White "Van der Sterren, Paul"]
[Black "Blackstock, Leslie Steven F"]
[Result "1-0"]
[WhiteElo "2410"]
[BlackElo "2345"]
[PlyCount "85"]
[EventDate "1980.04.11"]
[EventType "tourn"]
[EventRounds "15"]
[EventCountry "ENG"]
[EventCategory "5"]
[SourceTitle "Britbase"]

1. e4 c5 2. Nf3 e6 3. d4 cxd4 4. Nxd4 a6 5. Bd3 Bc5 6. Nb3 Ba7 7. Qg4 Nf6 8.
Qg3 d6 9. Nc3 Nc6 10. Bg5 b5 11. O-O-O b4 12. Bxf6 gxf6 13. Ne2 Bb7 14. Bc4 Ne5
15. Bd3 Qc7 16. Kb1 O-O-O 17. f4 Rhg8 18. Qh4 Ng4 19. Ned4 f5 20. Rhe1 e5 21.
h3 exd4 22. hxg4 Rxg4 23. Qxh7 Rxf4 24. exf5 a5 25. Qh6 d5 26. Nxa5 Rf2 27.
Nxb7 Kxb7 28. g4 Bc5 29. Qa6+ Kb8 30. g5 Qa7 31. Qxa7+ Kxa7 32. g6 fxg6 33.
fxg6 Rg2 34. Re6 Rg5 35. Rf1 Rd7 36. a4 bxa3 37. bxa3 Kb7 38. Ka2 Kc7 39. Rb1
Re7 40. Ra6 Rg3 41. Rb5 Bd6 42. Rxd5 Be5 43. Be4 1-0